Staffing for better schools under title I, Elementary and secondary education act of 1965. (Record no. 34799)

MARC details
000 -LEADER
fixed length control field 01129cam a2200265 4500
001 - CONTROL NUMBER
control field hew68000109
003 - CONTROL NUMBER IDENTIFIER
control field DLC
005 - DATE AND TIME OF LATEST TRANSACTION
control field 20260227111517.0
008 - FIXED-LENGTH DATA ELEMENTS--GENERAL INFORMATION
fixed length control field 700826s1967 dcua 000 0 eng c
010 ## - LIBRARY OF CONGRESS CONTROL NUMBER
LC control number hew68000109
040 ## - CATALOGING SOURCE
Original cataloging agency U.S. Dept. of Health, Education, and Welfare. Library L112
Transcribing agency DLC
Modifying agency DLC
043 ## - GEOGRAPHIC AREA CODE
Geographic area code n-us---
050 00 - LIBRARY OF CONGRESS CALL NUMBER
Classification number L112
Item number .S8
082 00 - DEWEY DECIMAL CLASSIFICATION NUMBER
Classification number 371.1/00973
245 00 - TITLE STATEMENT
Title Staffing for better schools under title I, Elementary and secondary education act of 1965.
Statement of responsibility, etc. [Prepared by Malcolm M. Provus and others.
260 ## - PUBLICATION, DISTRIBUTION, ETC.
Place of publication, distribution, etc. Washington]
Name of publisher, distributor, etc. U.S. Dept. of Health, Education, and Welfare, Office of Education; [for sale by the Supt. of Docs., U.S. Govt. Print. Off.,
Date of publication, distribution, etc. 1967]
300 ## - PHYSICAL DESCRIPTION
Extent vi, 40 p.
Other physical details illus.
Dimensions 24 cm.
350 ## - PRICE (NR) (BK AM CF MU VM SE) [OBSOLETE]
Price 0.30
500 ## - GENERAL NOTE
General note "OE-23049."
500 ## - GENERAL NOTE
General note Prepared pursuant to contract number OE C1-7000103-0103 of the U.S. Office of Education.
650 #0 - SUBJECT ADDED ENTRY--TOPICAL TERM
Topical term or geographic name entry element Children with social disabilities
General subdivision Education
Geographic subdivision United States.
650 #0 - SUBJECT ADDED ENTRY--TOPICAL TERM
Topical term or geographic name entry element Teachers of children with social disabilities
Geographic subdivision United States.
650 #0 - SUBJECT ADDED ENTRY--TOPICAL TERM
Topical term or geographic name entry element Teachers' assistants
Geographic subdivision United States.
700 1# - ADDED ENTRY--PERSONAL NAME
Personal name Provus, Malcolm M.,
Dates associated with a name 1928-

No items available.

Powered by Koha